000 01205nmm a2200397 a 4500
003 AR-BaBNM
005 20251128203803.0
008 257019s1946 ||||||||||||||000 | spa||
040 _cAR-BaBNM
100 1 _aRodríguez Vicente, A.
245 1 0 _aHigiene de la edad escolar, o, Paidocultura
246 1 _aPaidocultura
260 _aMadrid
_bConsejo Superior de Investigaciones Científicas
_bInstituto de Pedagogía 'San José de Calasanz'
_c1946
300 0 _a583 p.
_btablas, diagr., il.
500 1 _aContiene modelos de ficha médico-escolar de: España, Estados Unidos de América
504 _aBibliografía: p. 565-573
650 4 _aPUERICULTURA
650 4 _aHIGIENE
650 4 _aALUMNOS
650 4 _aNINOS
650 4 _aPRIMERA INFANCIA
650 4 _aSALUD
650 4 _aEDUCACION DEL NINO
650 4 _aSALUD DENTAL
650 4 _aSALUD FISICA
650 4 _aSALUD MENTAL
650 4 _aSERVICIOS DE SALUD
650 4 _aSERVICIOS ESCOLARES DE SALUD
650 4 _aNUTRICION
650 4 _aENFERMEDADES
650 4 _aMEDICINA PREVENTIVA
653 0 _aEDUCACION PARA LA SALUD
700 1 _aSáinz de los Terreros, C.
_eprologuista
942 _cBK
998 _cSILVI
999 _c4944
_d4944